| 000 | 00570nam a2200205Ia 4500 | ||
|---|---|---|---|
| 003 | BUBTL | ||
| 008 | 151213s9999 xx 000 0 und d | ||
| 020 | _a1-55963-747-1 | ||
| 082 | _b291.178366/CHC | ||
| 100 |
_aChapman, A.R. _93669 |
||
| 245 |
_aConsumption, population and sustainability _cChapman, A.R. |
||
| 260 |
_aWashington _bIsland Press _cc2000 |
||
| 300 |
_a355p . _bill . ; 23cm. |
||
| 500 | _aIncludes Index | ||
| 650 |
_aReference _93670 |
||
| 700 |
_aChapman, A.R. _93669 |
||
| 856 |
_k0 _l0 _yDownload |
||
| 942 |
_2ddc _cBK |
||
| 999 |
_c1320 _d1320 |
||